Bohovia Olympu – Neptúnov syn /
Nezvestný Percy Jackson sa vracia! Stratil však pamäť a nevie, kto je, odkiaľ prichádza a aké je jeho poslanie. Z hlbokého spánku sa zobudil u vlčice Lupy, ktorá ho poslala do Tábora Jupiter, rímskej obdoby Tábora polokrvných. Všetci okolo neho ho považujú za syna boha Neptúna, rímskeho boha morí. S...
Uloženo v:
| Série: | Bohovia Olympu,
část 2 |
|---|---|
| Hlavní autor: | |
| Médium: | E-kniha |
| Jazyk: | Czech |
| Vydáno: |
Praha :
Albatros Media Slovakia s.r.o.,
2022
|
| Příbuzné jednotky: | Z cyklu::
Bohovia Olympu |
| Tagy: |
Žádné tagy |
| LEADER | 01690nam a22002417i 4500 | ||
|---|---|---|---|
| 001 | 311670 | ||
| 007 | ta | ||
| 008 | 260601s2022 xr ||||| |||| 00| 0 cze d | ||
| 020 | |a 9788056630549 | ||
| 044 | |a xr | ||
| 100 | 1 | |a Riordan, Rick |4 aut | |
| 245 | 1 | 0 | |a Bohovia Olympu – Neptúnov syn / |c Riordan, Rick |
| 240 | 1 | 0 | |a Heroes of Olympus 2 - The Son of Neptune |
| 264 | 1 | |a Praha : |b Albatros Media Slovakia s.r.o., |c 2022 | |
| 300 | |a 1 online zdroj (488 stran) | ||
| 336 | |a text |b txt |2 rdacontent | ||
| 337 | |a bez média |b n |2 rdamedia | ||
| 338 | |a online zdroj |b cr |2 rdacarrier | ||
| 520 | 2 | |a Nezvestný Percy Jackson sa vracia! Stratil však pamäť a nevie, kto je, odkiaľ prichádza a aké je jeho poslanie. Z hlbokého spánku sa zobudil u vlčice Lupy, ktorá ho poslala do Tábora Jupiter, rímskej obdoby Tábora polokrvných. Všetci okolo neho ho považujú za syna boha Neptúna, rímskeho boha morí. Spoločne s ďalšími členmi tábora, Frankom a Hazel, odchádza na Aljašku, aby naplnil dávne proroctvo. Podarí sa im tam oslobodiť boha smrti Thanata, ktorého uväznil obor? Aké ďalšie nebezpečenstvá čakajú Percyho, ktorému sa počas cesty začína vracať pamäť? | |
| 787 | 0 | 8 | |g 2 |i Z cyklu: |t Bohovia Olympu |
| 910 | |a RBIT002 | ||
| 998 | |d 360475 |a https://core.palmknihy.cz/api/books/360475/cover?sulon2 |b https://core.palmknihy.cz/api/books/360475/cover/400?sulon2 |c https://core.palmknihy.cz/api/books/360475/cover/50?sulon2 |e 2031-06-03 |g 488 |i 9788056630549 |j https://core.palmknihy.cz/api/books/360475/preview.epub |k https://core.palmknihy.cz/api/books/360475/preview.pdf |l |q 49 |r 1 |s https://www.palmknihy.cz/kniha/360475 |t ebook |y 2022 |z 1 |v Bohovia Olympu |w 2 | ||
| 999 | |d 311668 | ||